00738nam a22002177a 4500003000900000005001700009007000300026008003000029020001800059040002500077082002500102100002400127245009600151260003700247300002800284500005700312504003200369650004300401650004000444700003600484DO-SdBNP20220309084410.0ta210830b 2021 dr 00| 0 eng d a9789945097573 aDO-SdBNPbspacBNPHU 4a759.97293bL318m2221 aLara Abreu, Alberto10aMarketing de las artes plásticas /cAlberto Lara Abreu ; prólogo Antonio Ciriaco Cruz . aSanto Domingo :bBúho, c2021. a224 p. ;bil. :c23 cm. aIncluye datos biográficos del autor en las solapas aBibliografía : p. 217-22114aPintura dominicanaxComercialización14aArte dominicanoxComercialización1 aCiriaco Cruz, Antonio,epról.